000 00865nam a2200253Ia 4500
003 OSt
005 20220923212453.0
006 a|||||r|||| 00| 0
007 ta
008 220922b |||||||| |||| 00| 0 hin d
024 _a153,313
037 _cTextual
040 _aARTS
_cARTS
_bhin
041 _2hin
_ahin
082 _aO152v, M4
100 _aपाण्डेय, चन्द्रा
245 0 _aहिन्दी का आत्मसमीक्षात्मक साहित्य
246 _aHindī kā ātmasamīkṣhātmak sāhitya
260 _aलखनऊ
_b कलाकार प्रकाशन
_c1984
300 _a239 पृ.
_ccm.
650 _aहिन्दी साहित्य
_9156264
942 _hO152v, M4
_cTEXL
_2CC
999 _c308960
_d308960